00610 2200217 4500001002100000005001500021035002000036245010400056100002300160250000600183300003500189700002100224260003700245082001000282084001600292020002200308650001100330990001700341990001700358990001700375INLIS00000000000038620181012011739 a0010-10180000761 aTAJAM ( Tanya Jawab Anak Muslim ) :bAkidah Jilid 2 /cBambang Trimansyah; Editor, Mutia Praheswari0 aBambang Trimansyah a- avi, 41 hlm. :bilus. ;c25 cm.0 aMutia Praheswari aBekasi :bCV Ananda Baika,c2008 a297.2 a297.2 BAM t a979-979-3503-32-7 aAkidah a01495/P/2018 a01496/P/2018 a01497/P/2018